000 00875nam a2200169 a 4500
008 220831s1992 ||||||||||||||||| || u
050 _aCBU(02)1999/1
110 _aCopperbelt University
245 1 0 _aPapers presented at the African University day 1992
_cBy The Copperbelt University(CBU)
260 _aKitwe
_bCopperbelt University
_c1992
300 _a[various]
500 _a1. SPEECHES BY HIS WORSHIP THE MAYOR COUNCILLOR L.S. KAZABU  2.PAPER PRSENTED BY Dr, JOHN LUNGU(ACTING VICE CHANCELLOR) 3 PAPER PRESENTED BY NESSAN J RONAN 4. PAPER PRESENTED BY C.B.M. LUNGU and Capt. KANUNGWE 5. PAPER PRESENTED BY K MUMBA  
650 _aEDUCATION--CONGRESSES
650 _aEDUCATION, HIGHER
650 _aEDUCATION--ZAMBIA--CONGRESSES
995 _FCBU-MAIN LIBRARY (Kitwe)
_M1
_UAVAILABLE
_WAug 31, 2022
_ZUniversity Collection
999 _c53104
_d53104